000 00829cam a22002773a 4500
001 30832
003 PGUSA
005 20140828083651.0
008 100102s2010||||xxu|||||s|||||000 1 eng d
040 _aPGUSA
_beng
042 _adc
050 4 _aPS
100 1 _aGarrett, Randall,
_d1927-1987
245 1 0 _aNor Iron Bars a Cage....
_h[electronic resource] /
_cRandall Garrett
260 _bProject Gutenberg,
_c2010
506 _aPublic domain in the USA.
516 _aElectronic text
653 _aDetective and mystery stories
653 _aScience fiction
653 _aPolice -- New York (State) -- New York -- Fiction
653 _aNew York (N.Y.) -- Fiction
700 1 _aSchoenherr, John,
_d1935-2010
830 0 _aProject Gutenberg
_v30832
856 4 0 _uhttp://www.gutenberg.org/ebooks/30832
942 _cEB
999 _c260087
_d260087